000 00551nam a22002057a 4500
003 AM-YeHGA
040 _aAM-YeHGA
090 _c403486
005 20250617153939.0
008 180316s1933 nyu||||| |||| 00| 0 eng d
041 0 _aeng
100 1 _aCummings, E.E.
245 1 0 _aEimi /
_cE.E. Cummings .
260 _aNew York :
_bCovici, Friede Publishers,
_c1933.
300 _a432 p.
600 1 4 _aCummings, Edward Estlin
650 1 4 _aDescription and travel
_zTurkey
650 1 4 _aDescription and travel
_zSoviet Union
942 _2udc
_cBK
999 _c401278
_d401278